| 000 | 00643nam a2200217Ia 4500 | ||
|---|---|---|---|
| 001 | 13322 | ||
| 003 | GE_BSU | ||
| 008 | 181216s||||||||xx |||||||||||||| ||und|| | ||
| 040 | _cGE_BSU | ||
| 080 | _a631.8(072) | ||
| 100 | _aЮдин,Ф.А. | ||
| 245 | _aМетодика агрохимических исследовании | ||
| 245 | _cРед.Г.Д.Каплан.З.И.Уткина | ||
| 260 | _aМосква | ||
| 260 | _bКолос | ||
| 260 | _c1980 | ||
| 300 | _a366стр.илл.20см. | ||
| 300 | _cБиблиогр.с.362-363 | ||
| 653 | _aМетодика агрохимических исследовании | ||
| 942 | _cBK | ||
| 999 |
_c46483 _d46483 |
||